Discovering otters
| Main Author: | |
|---|---|
| Format: | Book |
| Published: |
England :
Wayland ,
1988
|
| Series: | Discovering nature
|
| Subjects: |
MARC
| LEADER | 00000cam a2200000 7i4500 | ||
|---|---|---|---|
| 001 | 0000002045 | ||
| 002 | 000002232 | ||
| 005 | 20080319.0 | ||
| 020 | |a 0850788218 | ||
| 090 | 0 | 0 | |a J 508 |b DIS |
| 100 | 1 | |a Banks, Martin | |
| 245 | 1 | 0 | |a Discovering otters |c Martin Banks |
| 260 | |a England : |b Wayland , |c 1988 | ||
| 300 | |a 46 p. : |b ill. ; |c 21 cm. | ||
| 490 | 0 | |a Discovering nature | |
| 650 | 0 | 0 | |a Otters |x Juvenile literature |
| 999 | |a 033659 |b BUKU |c PINJAMAN |e PERPUSTAKAAN KOMUNITI PETALING JAYA | ||